Biblioteca

Unidad y misión en América Latina : Documentos de refelxión para la Consulta de Misión y la Cuarta Asamblea del CLAI / Victor Rey, Compilador (Registro nro. 34152)

Detalles MARC
000 -LÍDER
Campo fijo de descripción fija 006390000a22001810004500
041 0# - CÓDIGO DE IDIOMA
Código de idioma para texto/pista de sonido o título separado
082 04 - NÚMERO DE CLASIFICACIÓN DECIMAL DEWEY
Número de clasificación G 266.0098 C7554u
001 - NÚMERO DE CONTROL
Campo de control 3488
245 10 - TÍTULO
Título del Material Unidad y misión en América Latina : Documentos de refelxión para la Consulta de Misión y la Cuarta Asamblea del CLAI / Victor Rey, Compilador
260 ## - PUBLICACIÓN, DISTRIBUCIÓN, ETC. (PIE DE IMPRENTA)
Lugar de publicación, distribución, etc. Quito, Ecuador : CLAI (ver Consejo Latinoamericano de Iglesias)
300 ## - DESCRIPCIÓN FÍSICA
Extensión 38 Pag
336 ## - CONTENT TYPE
Content type term texto
Content type code txt
Source rdacontent
337 ## - MEDIA TYPE
Source rdamedia
Media type term sin mediación
Media type code n
338 ## - CARRIER TYPE
Source rdacarrier
Carrier type term volumen
Carrier type code nc
650 14 - ASIENTO SECUNDARIO DE MATERIA - TERMINO TEMÁTICO
Término temático o nombre geográfico como elemento de entrada TEOLOGIA - MISIONES - AMERICA LATINA
942 ## - TIPO DE MATERIAL (KOHA)
Tipo de Item KOHA Libros General
Existencias
Estado de Material Estado de Perdido Volumen-Parte/Tomo Estado de Dañado No para Préstamo Colección Tomo Biblioteca de Origen Biblioteca Permanente Fecha de Adquisición Total de Préstamos Signatura Topográfica Código de Barras Última vez visto Ejemplar/Existencia Fecha de Remplazo Tipo de Material
    2     Colección General   Biblioteca FUSBC Biblioteca FUSBC 01/12/2004   G 266.0098 C7554u 12263 12/12/2019 2016-12-02 26/01/2016 Libros General

Biblioteca FUSBC | Teléfono: (57+4) 349 88 10 Ext. 141| WhatsApp (+57) 3005338115 
E-mail: biblioteca@unisbc.edu.co | Calle 76 87-14 Robledo Palenque, Medellín, Colombia

Con tecnología Koha